Normal view
MARC view
- Human trafficking
Entry Topical Term
001 - CONTROL NUMBER
- control field: 8464
003 - CONTROL NUMBER IDENTIFIER
- control field: OSt
005 - DATE AND TIME OF LATEST TRANSACTION
- control field: 20170529094202.0
008 - FIXED-LENGTH DATA ELEMENTS
- fixed length control field: 170529|| aca||aabn | a|a d
040 ## - CATALOGING SOURCE
- Original cataloging agency: OSt
- Transcribing agency: OSt
150 ## - HEADING--TOPICAL TERM
- Topical term or geographic name entry element: Human trafficking
- General subdivision: Law and legislation
- Geographic subdivision: Malaysia
670 ## - SOURCE DATA FOUND
- Source citation: Work cat.: (OSt)0: Akta Antipemerdagangan Orang dan Antipenyeludupan Migran 2007 (Akta 670) & Anti-Trafficking in Persons and Anti-smuggling of Migrants Act 2007 (Act 670) :, 2012

PORTAL AKMAL
E-MEL JKDM
AKMAL2U
G-BAM
u-PUSTAKA